| 000 | 00715cac a22002055a 4500 | ||
|---|---|---|---|
| 005 | 20171225114117.0 | ||
| 008 | 110320t2006 nyua frb 001 0 eng d | ||
| 020 | _a9780393928624 | ||
| 020 | _a0393928624 | ||
| 082 | 0 | 4 |
_222 _a338.5 _bVAR |
| 100 | 1 |
_aVarian , Hal R. _eAuthor _922639 |
|
| 245 |
_a Intermediate microeconomics : _ba modern approach / _cHal R. Varian. |
||
| 250 | _a7th ed., International student ed. | ||
| 260 |
_aNew York ; _aLondon : _bW. W. Norton & Company, _cc.2006. |
||
| 300 |
_a1v. (Various pagings) : _bill. ; _c22 cm. |
||
| 504 | _aIncludes bibliographical references and Index. | ||
| 650 | 7 |
_aMicro Economics. _922641 _2BUEsh |
|
| 653 |
_bGGEN _cDecember2017 |
||
| 942 |
_cBB _2ddc |
||
| 999 |
_c2476 _d2476 |
||